<?xml version="1.0" encoding="UTF-8"?>
<record
    xmlns:xsi="http://www.w3.org/2001/XMLSchema-instance"
    xsi:schemaLocation="http://www.loc.gov/MARC21/slim http://www.loc.gov/standards/marcxml/schema/MARC21slim.xsd"
    xmlns="http://www.loc.gov/MARC21/slim">

  <leader>00456nam a2200169Ia 4500</leader>
  <controlfield tag="008">230718s9999    xx            000 0 und d</controlfield>
  <datafield tag="020" ind1=" " ind2=" ">
    <subfield code="a">9788120349896</subfield>
  </datafield>
  <datafield tag="041" ind1=" " ind2=" ">
    <subfield code="a">eng</subfield>
  </datafield>
  <datafield tag="082" ind1=" " ind2=" ">
    <subfield code="a">004.1</subfield>
    <subfield code="b">PAN</subfield>
  </datafield>
  <datafield tag="100" ind1=" " ind2=" ">
    <subfield code="a">Pandey N.</subfield>
    <subfield code="9">197390</subfield>
  </datafield>
  <datafield tag="245" ind1=" " ind2=" ">
    <subfield code="a">Intellectual Property Rights</subfield>
  </datafield>
  <datafield tag="260" ind1=" " ind2=" ">
    <subfield code="c">2014</subfield>
    <subfield code="b">PHI Learning</subfield>
  </datafield>
  <datafield tag="300" ind1=" " ind2=" ">
    <subfield code="a">173</subfield>
  </datafield>
  <datafield tag="365" ind1=" " ind2=" ">
    <subfield code="c">Rs.</subfield>
    <subfield code="b">195.00</subfield>
  </datafield>
  <datafield tag="700" ind1=" " ind2=" ">
    <subfield code="a">Pandey N. &amp; Dharni K.</subfield>
    <subfield code="9">197391</subfield>
  </datafield>
  <datafield tag="906" ind1=" " ind2=" ">
    <subfield code="d">O:0598019-Jul-2018B:531917-Jul-2018</subfield>
    <subfield code="c">TC</subfield>
    <subfield code="b">819</subfield>
  </datafield>
  <datafield tag="999" ind1=" " ind2=" ">
    <subfield code="c">347659</subfield>
    <subfield code="d">347659</subfield>
  </datafield>
  <datafield tag="952" ind1=" " ind2=" ">
    <subfield code="0">0</subfield>
    <subfield code="1">0</subfield>
    <subfield code="4">0</subfield>
    <subfield code="7">0</subfield>
    <subfield code="a">CCEP</subfield>
    <subfield code="b">CCEP</subfield>
    <subfield code="d">2018-07-19</subfield>
    <subfield code="e">Om Book Stall</subfield>
    <subfield code="f">TC</subfield>
    <subfield code="g">140.40</subfield>
    <subfield code="i">5319</subfield>
    <subfield code="l">6</subfield>
    <subfield code="o">004.1</subfield>
    <subfield code="p">CCEP-BK-58866</subfield>
    <subfield code="r">2025-01-02 00:00:00</subfield>
    <subfield code="s">2024-12-30</subfield>
    <subfield code="t">819</subfield>
    <subfield code="v">195.00</subfield>
    <subfield code="w">2018-07-17</subfield>
    <subfield code="y">BK</subfield>
    <subfield code="z">058866</subfield>
  </datafield>
</record>
